| 000 | 00979nam a2200241Ia 4500 | ||
|---|---|---|---|
| 001 | 17570 | ||
| 003 | GE_BSU | ||
| 008 | 181216s||||||||xx |||||||||||||| ||und|| | ||
| 020 | _a9789941462191 | ||
| 040 | _cGE_BSU | ||
| 080 | _a34.01 | ||
| 100 | _aგორგოშაძე,მურმან | ||
| 245 | _aსამართლის ფილოსოფიის,საგანი,სისტემა,ფუნქციები | ||
| 245 | _cსარედ.კოლ:ადამ მახარაძე,მურმან გორგოშაძე,ომარ მახარაძე, და სხვ. | ||
| 260 | _aბათუმი. | ||
| 260 | _bშოთა რუსთაველის უნიტის გამ-ბა | ||
| 260 | _c2015 | ||
| 300 | _a30გვ;20სმ | ||
| 541 | _h2ლ.61თ | ||
| 653 | _aსამართლი | ||
| 653 | _aსამართლის ფილოსოფიის საგანი | ||
| 942 | _cBK | ||
| 999 |
_c50620 _d50620 |
||